Quizz Pop Culture Moyen-Difficile - Statistiques

Statistiques générales
  • Ce quiz a été pris 119 fois
  • Le résultat moyen est 5 sur 20
Statistiques - réponses
Hint Réponse % Correct
Quelle chanson de Queen a été initialement accueillie avec scepticisme par les radios à cause de sa durée inhabituelle de près de 6 minutes ? Bohemian Rhapsody
82%
Quel rappeur détient le record du monde du plus grand nombre de mots dans une chanson à succès avec 'Rap God' ? Eminem
72%
Quel réalisateur est célèbre pour faire une apparition (caméo) dans presque tous ses propres films, comme dans 'Les Oiseaux' ou 'Psychose' ? Alfred Hitchcock
63%
Qui est le premier acteur à avoir remporté un Oscar posthume pour son interprétation du Joker ? Heath Ledger
57%
Quelle artiste détient le record du plus grand nombre de Grammy Awards remportés par une seule personne (toutes catégories confondues) ? Beyoncé
49%
Dans le jeu vidéo 'Grand Theft Auto V', quel est le nom de la ville fictive inspirée de Los Angeles ? Los Santos
43%
Dans 'Game of Thrones', quel est le véritable nom de naissance de Jon Snow ? Aegon Targaryen
31%
Dans la série 'Friends', quel est le nom du personnage de fiction que Joey Tribbiani incarne dans le soap opera 'Les Jours de notre vie' ? Dr. Drake Ramoray
21%
Quel film détient, avec 'Ben-Hur' et 'Titanic', le record du plus grand nombre d'Oscars remportés (11), mais est le seul à avoir gagné dans toutes les catégories où il était nommé ? Le Seigneur des anneaux : Le Retour du roi
19%
Quel film d'horreur de 1999 a utilisé une campagne de marketing viral prétendant que les événements et les images étaient réels ? Le Projet Blair Witch
17%
En 1939, quel film a été le premier à utiliser la technique du Technicolor trichrome de manière si spectaculaire qu'il a changé l'industrie, bien que ses acteurs aient souffert de la chaleur intense des projecteurs ? Le Magicien d'Oz
15%
Quel auteur de science-fiction a formulé les 'Trois lois de la robotique' qui influencent encore aujourd'hui la pop culture et l'éthique de l'IA ? Isaac Asimov
14%
Quelle plateforme de streaming a été la première à remporter l'Oscar du Meilleur Film avec le long-métrage 'CODA' ? Apple TV+
13%
Quel célèbre acteur a refusé le rôle de Neo dans 'Matrix', le laissant ainsi à Keanu Reeves ? Will Smith
7%
Quel est le premier long-métrage d'animation de l'histoire à avoir été nommé pour l'Oscar du Meilleur Film (catégorie générale) ? La Belle et la Bête
5%
Dans la série 'The Office' (US), quel est le nom de l'entreprise concurrente créée par Michael Scott lorsqu'il quitte Dunder Mifflin ? Michael Scott Paper Company
5%
Dans l'univers Marvel (MCU), quelle est la seule substance capable de vibrer à la même fréquence que le Vibranium pour l'endommager ? L'Adamantium
2%
Dans la saga 'Star Wars', qui est le seul personnage (autre que les droïdes) à apparaître physiquement dans les 9 films de la saga Skywalker ? Aucun
1%
Quel groupe de rock a été poursuivi en justice par la succession de Marvin Gaye pour avoir prétendument plagié 'Got to Give It Up' dans leur tube de 2013 ? Robin Thicke & Pharrell Williams
0%
Dans 'Breaking Bad', quel objet iconique, servant de présage, apparaît de manière récurrente dans la saison 2 avant l'accident d'avion final ? Un ours en peluche rose
0%
Aucun quiz correspondant
Distribution des résultats
% des personnes avec chaque résultat
Percentile par nombre de réponses
Votre historique - résultats
Vous n’avez pas pris ce quiz